000 01202naa a22003017u 4500
001 06163
003 HDC
007 cr bn ---aaaaa
008 210122s2010 flu 001 0 eng
040 _aHDC
100 _aPereira, Ricardo Nuno,
_eauthor
_96497
245 0 _aEngineering Aspects of Milk and Dairy Products :
_bNovel Technologies for Milk Processing /
_cby Ricardo Nuno Pereira and António Augusto Vicente ; edited by Jane Sélia dos Reis Coimbra and José A. Teixeira
260 _aBoca Raton, FL :
_bCRC Press/Taylor & Francis Group,
_c2010
300 _a20 pages
336 _atext
_2rdacontent
337 _acomputer
_2rdamedia
338 _aonline resource
_2rdacarrier
500 _aOriginal from book
650 _aDairy processing
_96277
650 _aDairy products
_96279
650 _aMilk
_96278
700 _aCoimbra, Jane Selia dos Reis,
_d1962-
_eeditor
_96489
700 _aTeixeira, José A.,
_q(José António),
_d1957-
_eeditor
_96490
856 _zRequest full-text at [email protected]
942 _2lcc
942 _cCHAP
942 _kEBCH 000096
999 _c3487
_d3487